Club comptant le plus de sélection sous Deschamps - Statistiques

Statistiques générales
  • Ce quiz a été pris 77 fois
  • Le résultat moyen est 9 sur 10
Statistiques - réponses
Sélections Clubs % Correct
308 PSG
99%
142 FC Barcelone
93%
203 Real Madrid
93%
195 Bayern Munich
89%
151 Arsenal
88%
114 AC Milan
85%
135 Juventus
85%
142 Atletico Madrid
79%
123 Manchester United
79%
136 Tottenham
68%
Aucun quiz correspondant
Distribution des résultats
% des personnes avec chaque résultat
Percentile par nombre de réponses
Votre historique - résultats
Vous n’avez pas pris ce quiz